000 00463pab a2200145 454500
008 180718b xxu||||| |||| 00| 0 eng d
100 _aVeeraiah, P.
245 _aFormation of a new municipalities
650 _a Municipal Government
650 _a Municipal Governement - Case Study
650 _a Case Study
650 _aMunicipal Government - Case Study - India - Andhra Pradesh
773 _aJournal of the Institute of Public Administration
909 _a23138
999 _c23138
_d23138